Η σχετικότητα της γεωμετρίας και ο χώρος : από τον Ευκλείδη ως τον Αϊνστάιν
Αποθηκεύτηκε σε:
| Κύριος συγγραφέας: | |
|---|---|
| Μορφή: | Βιβλίο |
| Γλώσσα: | Greek |
| Δημοσίευση: |
Σέρρες :
[χ.ό.],
2017.
|
| Θέματα: | |
| Ετικέτες: |
Προσθήκη ετικέτας
Δεν υπάρχουν, Καταχωρήστε ετικέτα πρώτοι!
|
MARC
| LEADER | 00000cam a2200000 a 4500 | ||
|---|---|---|---|
| 001 | 1/119545 | ||
| 008 | 190711s2017####gr ||||||| |||| ||gre|| | ||
| 020 | |a 9786188265110 | ||
| 040 | |a GR-MyUa |b gre |c GR-MyUa |e AACR2 | ||
| 041 | 0 | |a gre | |
| 082 | 7 | |a 516 |2 (23) | |
| 100 | 1 | |a Μπαντές, Γιώργος. | |
| 245 | 1 | 2 | |a Η σχετικότητα της γεωμετρίας και ο χώρος : |b από τον Ευκλείδη ως τον Αϊνστάιν / |c Γιώργος Μπαντές. |
| 260 | |a Σέρρες : |b [χ.ό.], |c 2017. | ||
| 300 | |a 169 σ. ; |c 21 εκ. | ||
| 650 | 0 | |a Geometry. | |
| 852 | |a INST |b LESVOS |e 20190711 |h 516 ΜΠΑ |p 005100061853 |q 005100061853 |t BK |y 0 | ||
| 970 | |a Δημάκη |b Μαρία |z 11-07-2019 | ||